Developments in heat exchanger technology /
Guardado en:
| Otros Autores: | |
|---|---|
| Formato: | Libro |
| Idioma: | English |
| Publicado: |
London :
Applied Science Publishers,
c1980.
|
| Series: | Developments series
|
| Materias: | |
| Etiquetas: |
Agregar Etiqueta
Sin Etiquetas, Sea el primero en etiquetar este registro!
|
| LEADER | 00896nam a22002535a 4500 | ||
|---|---|---|---|
| 001 | EIQ.libpla001267 | ||
| 008 | 060830s1980####enka#####b####001#0#eng#d | ||
| 005 | 20071218152717.0 | ||
| 245 | 0 | 0 | |a Developments in heat exchanger technology / |c edited by D. Chisholm. |
| 260 | |a London : |b Applied Science Publishers, |c c1980. | ||
| 300 | |a v. : |b il. ; |c 23 cm. | ||
| 490 | 0 | |a Developments series | |
| 504 | |a Bibliografía: v. 1, p. 259-290. | ||
| 500 | |a Incluye índice. | ||
| 020 | |a 0853349134 | ||
| 700 | 1 | |a Chisholm, D. |q (Duncan), |e ed. |4 edt | |
| 650 | 4 | |a Tecnología |x Intercambiadores de calor. | |
| 650 | 4 | |a Tecnología |x Conservación de la energía. | |
| 650 | 4 | |a Calor |x Transferencia. | |
| 650 | 4 | |a Heat |x Transfer. | |
| 650 | 4 | |a Technology |x Energy conservation. | |
| 650 | 4 | |a Technology |x Heat exchanger. | |
| 040 | |a AR-BbSID |b spa |c AR-BbSID | ||
| 859 | |a AR-BbSID |b BIB. PLAPIQUI |h 621.402 2 |i D 492 |p 2356 | ||
